Los mil y un días : (Record no. 195652)

MARC details
000 -LEADER
campo de control de longitud fija 01700nam a2200421 i 4500
001 - NÚMERO DE CONTROL
campo de control 195652
003 - IDENTIFICADOR DE NÚMERO DE CONTROL
campo de control SpMaBN
005 - FECHA Y HORA DE LA ÚLTIMA TRANSACCIÓN
campo de control 20250816043443.0
007 - CAMPO FIJO DE DESCRIPCIÓN FÍSICA--INFORMACIÓN GENERAL
campo de control de longitud fija ta
008 - DATOS DE LONGITUD FIJA--INFORMACIÓN GENERAL
campo de control de longitud fija 240701s2004 sp | o||| ||spa
016 7# - NÚMERO DE CONTROL DE UNA AGENCIA BIBLIOGRÁFICA NACIONAL
Número de control del registro bimoBNE20050499552
Fuente SpMaBN
017 ## - NÚMERO DE COPYRIGHT O DE DEPÓSITO LEGAL
Número de copyright o de depósito legal AS 4923-2004
Agencia que asigna Oficina Depósito Legal Asturias
Número de copyright o de depósito legal cancelado/o inválido AS 4924-2004
035 ## - NÚMERO DE CONTROL DEL SISTEMA
Número de control de sistema (OCoLC)433603626
035 ## - NÚMERO DE CONTROL DEL SISTEMA
Número de control de sistema bimo0002043734
040 ## - FUENTE DE CATALOGACIÓN
Centro catalogador/agencia de origen SpMaBN
Lengua de catalogación spa
Centro/agencia transcriptor SpMaBN
Normas de descripción rdc
Centro/agencia modificador ES-MaACL
080 ## - NÚMERO DE LA CLASIFICACIÓN DECIMAL UNIVERSAL
Número de la Clasificación Decimal Universal 7 Rodríguez, Ruth (083.824)
100 1# - ENTRADA PRINCIPAL--NOMBRE DE PERSONA
Nombre de persona Rodríguez Flórez, Ruth
Forma completa/desarrollada del nombre
Número de control del registro de autoridad o número normalizado XX1664075
9 (RLIN) 237286
245 14 - MENCIÓN DEL TÍTULO
Título Los mil y un días :
Resto del título [Museo Barjola, Gijón] /
Mención de responsabilidad, etc. Ruth Rodríguez ; [textos, Ana María Fernández, Xandru Obaya]
260 ## - PUBLICACIÓN, DISTRIBUCIÓN, ETC.
Lugar de publicación, distribución, etc. [Oviedo] :
Nombre del editor, distribuidor, etc. Servicio de Publicaciones del Principado de Asturias,
Fecha de publicación, distribución, etc. [2004]
300 ## - DESCRIPCIÓN FÍSICA
Extensión 67, [3] p. :
Otras características físicas principalmente il. col. ;
Dimensiones 22 x 22 cm
336 ## - TIPO DE CONTENIDO
Fuente rdacontent
Término de tipo de contenido texto
337 ## - TIPO DE MEDIO
Fuente rdamedia
Nombre/término del tipo de medio sin mediación
338 ## - TIPO DE SOPORTE
Fuente rdacarrier
Nombre/término del tipo de soporte volumen
500 ## - NOTA GENERAL
Nota general Catalogación provisional. Signatura: N 8709. Depósito J.
546 ## - NOTA DE IDIOMA
Nota de lengua/lenguaje Texto en español e inglés
600 #0 - PUNTO DE ACCESO ADICIONAL DE MATERIA--NOMBRE DE PERSONA
Nombre de persona Rodríguez Flórez, Ruth
Fuente del encabezamiento o término embne
9 (RLIN) 237286
Forma completa/desarrollada del nombre
655 #7 - TERMINO DE INDIZACIÓN--GENERO/FORMA
Fuente del término tgfbne
9 (RLIN) 193628
Datos o término principal de género/forma Catálogos de exposiciones
700 1# - ENTRADA AGREGADA--NOMBRE PERSONAL
Nombre de persona Fernández García, Ana María,
Fechas asociadas al nombre 1967-
9 (RLIN) 237288
700 1# - ENTRADA AGREGADA--NOMBRE PERSONAL
Nombre de persona Obaya, Xandru
9 (RLIN) 237289
710 2# - ENTRADA AGREGADA--NOMBRE DE ENTIDAD CORPORATIVA
Nombre de entidad corporativa o nombre de jurisdicción como elemento de entrada Museo Juan Barjola
9 (RLIN) 5886
852 ## - LOCALIZACIÓN
Ubicación ES-MaACL
Ubicación en estantería Depósito J
Número de control de estantería N-8709
Donativo/Legado Donación: Editorial
itemnumber 203850
Nota libre En proceso
942 ## - ELEMENTOS DE ENTRADA SECUNDARIOS (KOHA)
Suprimir en OPAC No
Tipo de ítem Koha Libro impreso
Holdings
Estatus retirado Estado de pérdida Fuente del sistema de clasificación o colocación Estado de daño No para préstamo Biblioteca de origen Biblioteca actual Ubicación en estantería Fecha de adquisición Fuente de adquisición Total de préstamos Signatura topográfica completa Código de barras Visto por última vez Precio de reemplazo Tipo de ítem Koha
    Clasificación decimal universal     Biblioteca del Ateneo de Madrid Biblioteca del Ateneo de Madrid Depósito J 01/07/2024 Donación   N-8709 101228705 01/07/2024 01/07/2024 Libro impreso